01007nam a2200253 i 450000100060000000300090000600500170001500700030003200800410003502200140007608000180009024501430010826000380025130000410028949000370033050001670036750000570053465000370059170000230062870000210065170000180067283000380069085200250072886340ES-MaACL20240613130803.0t|041228s2000 sp ||||1| spa d a0210-0630 a(058)069(460)00aDel aula al museo b: guía didáctica del patrimonio [hRecurso electrónico] / cF. Xavier Hernández, Edmon Castells y Laura Costa. a[Barcelona] : bPraxis, c[2000?] a1 disco compacto (CD-ROM) ; c12 cm.1 aCuadernos de pedagogía (CD-ROM aRequerimientos mínimos del sistema: Procesador 486 DX, Pentium, Windows 3.1, monitor 640 x 480, 256 colores, 6 Mb memoria RAM. Windows versión 3.1 o superior. aDistribuido con la revista Cuadernos de Pedagogía. 4aMuseos-zEspaña-vDirectorios.1 aHernández, F. X.1 aCastells, Edmon.1 aCosta, Laura.0 aCuadernos de pedagogía (CD-ROM) aES-MaACLjROT 1/6/38